[Event "Olimpiade 2014 - Open"]
[Site "Tromsø"]
[Date "06.08.2014"]
[Round "5.44"]
[Board "4"]
[White "Heidenfeld, Mark"]
[Black "Wilson, Brandon"]
[Result "1-0"]
[WhiteTitle "IM"]
[WhiteElo "2382"]
[BlackElo "2090"]
[WhiteTeam "Ireland"]
[BlackTeam "Jamaica"]
[WhiteFideId "2500990"]
[BlackFideId "7400500"]
[EventDate "2014.08.02"]

1. e4 c5 2. Nf3 Nc6 3. Bb5 g6 4. O-O Bg7 5. Re1 Nf6 6. e5 Nd5 7. Nc3 Nc7 8. Bxc6
dxc6 9. h3 O-O 10. d3 Ne6 11. Ne4 b6 12. Be3 Qd5 13. Qd2 Nd4 14. Nxd4 cxd4 15.
Bg5 Qe6 16. Nf6+ Kh8 17. Qf4 h5 18. Qxd4 Bb7 19. Qh4 c5 20. Re3 Rfd8 21. Ne4 Rd7
22. Nd2 Rd4 23. Qg3 Rad8 24. b3 Qc6 25. Bxe7 Re8 26. Bg5 Kg8 27. Nf3 Rd5 28.
Rae1 Re6 29. a4 a5 30. Qf4 Qe8 31. Bf6 Qc6 32. Bxg7 Kxg7 33. Ng5 Rexe5 34. Qxf7+
Kh6 35. Qh7+ Kxg5 36. Rg3+ Kf5 37. Qf7+ Qf6 38. Rf3+ Kg5 39. Qxf6+ Kh6 40. Qh8+
Kg5 41. Rxe5+ 1-0

[Event "Olimpiade 2014 - Open"]
[Site "Tromsø"]
[Date "06.08.2014"]
[Round "5.45"]
[Board "1"]
[White "Harper, Ryan"]
[Black "Hamal, Manish"]
[Result "0-1"]
[WhiteTitle "FM"]
[BlackTitle "FM"]
[WhiteElo "2236"]
[BlackElo "2068"]
[WhiteTeam "Trinidad & Tobago"]
[BlackTeam "Nepal"]
[WhiteFideId "7700156"]
[BlackFideId "12300110"]
[EventDate "2014.08.02"]

1. e4 e6 2. d4 d5 3. Nc3 Nf6 4. Bg5 Bb4 5. e5 h6 6. Bc1 Ne4 7. Qg4 g6 8. Ne2 c5
9. a3 Qa5 10. axb4 Qxa1 11. Nxe4 dxe4 12. bxc5 Bd7 13. Qxe4 Bc6 14. Qe3 Na6 15.
f3 Nb4 16. Kf2 Qb1 17. Qd2 a5 18. c4 Nd3+ 19. Ke3 Nxc1 20. Qxc1 Qxc1+ 21. Nxc1
Ke7 22. Na2 Rhd8 23. Be2 Rab8 24. b4 axb4 25. Nxb4 Ra8 26. Rb1 Rd7 27. Rb2 f6
28. exf6+ Kxf6 29. Nc2 g5 30. Bd3 Ra4 31. Rb6 Ra8 32. Nb4 Rad8 33. Nc2 Ke7 34.
Rb4 Ra8 35. Be4 Rc8 36. Rb6 Bxe4 37. fxe4 Rc6 38. Rb5 Ra6 39. d5 e5 40. Nb4 Ra3+
41. Nd3 Kd8 42. Rb6 Rf7 43. Rb1 g4 44. Rg1 Rf4 45. Re1 Kc8 46. Kd2 Rf6 47. Kc2
h5 48. Rd1 Ra2+ 49. Kb3 Rxg2 50. Nxe5 Rff2 51. c6 bxc6 52. Nxc6 Rxh2 53. Kb4 Rd2
54. Rf1 Rhf2 55. Rh1 Rh2 56. Rf1 Rdf2 57. Ra1 Ra2 58. Rf1 Rhf2 59. Rh1 g3 60.
Rxh5 g2 61. Rg5 Rf1 62. Rg8+ Kd7 63. Rg7+ Ke8 64. d6 Rd1 65. Kc5 g1=Q+ 66. Rxg1
Rxg1 67. e5 Kd7 68. Nb8+ Ke6 69. Nc6 Rd1 70. Kb6 Kd7 71. Nb8+ Kc8 72. Nc6 Rb2+
73. Kc5 Kd7 74. Ne7 Rb8 75. Nd5 Rc8+ 76. Kb4 Ke6 77. Nb6 Rb1+ 78. Ka5 Rc5+ 79.
Ka6 Rxb6+ 80. Kxb6 Rxc4 0-1

[Event "Olimpiade 2014 - Open"]
[Site "Tromsø"]
[Date "06.08.2014"]
[Round "5.45"]
[Board "2"]
[White "Shrestha, Sujendra Prasad"]
[Black "Singh, Ravishen"]
[Result "0-1"]
[WhiteTitle "FM"]
[BlackTitle "CM"]
[WhiteElo "1930"]
[BlackElo "2104"]
[WhiteTeam "Nepal"]
[BlackTeam "Trinidad & Tobago"]
[WhiteFideId "12300519"]
[BlackFideId "7700199"]
[EventDate "2014.08.02"]

1. e4 c5 2. Nc3 d6 3. g3 g6 4. Bg2 Bg7 5. d3 Nc6 6. f4 Nf6 7. h3 Nh5 8. Nge2 e5
9. O-O exf4 10. gxf4 Qh4 11. Nd5 Bxh3 12. Nc7+ Kd8 13. Nxa8 Bxg2 14. Kxg2 Nd4
15. c3 Qg4+ 16. Kf2 Nxe2 17. Ke1 Nhg3 18. Rf2 Qh4 19. Be3 Bh6 20. Rxe2 Nxe2+ 21.
Kxe2 Qh2+ 22. Ke1 Bxf4 23. Bxf4 Qxf4 24. Qd2 Qg3+ 25. Qf2 Qxf2+ 26. Kxf2 Kd7 27.
Rh1 h5 28. Nc7 Kxc7 29. Kg3 Kd7 30. d4 Ke6 31. Kf4 f6 32. d5+ Kf7 33. c4 Re8 34.
a3 g5+ 35. Kf3 Kg6 36. b4 b6 37. bxc5 bxc5 38. Rb1 f5 39. exf5+ Kxf5 40. Rb7 g4+
41. Kf2 h4 42. Rxa7 g3+ 43. Kf3 Rg8 44. Rf7+ Ke5 45. Kg2 h3+ 46. Kg1 h2+ 47. Kg2
Rh8 48. Rf1 Kd4 49. Rh1 Kxc4 50. Kxg3 Kxd5 51. Kg2 Kc6 52. a4 d5 53. Kf3 c4 54.
Ke3 Kc5 55. a5 d4+ 56. Ke4 d3 57. Ke3 Re8+ 58. Kf3 Re2 59. Ra1 Ra2 60. Rh1 Kd4
61. a6 c3 62. a7 Rxa7 63. Rxh2 Rf7+ 64. Kg3 c2 0-1

[Event "Olimpiade 2014 - Open"]
[Site "Tromsø"]
[Date "06.08.2014"]
[Round "5.45"]
[Board "3"]
[White "Johnson, Joshua"]
[Black "Rajbhandari, Rijendra"]
[Result "0-1"]
[WhiteTitle "CM"]
[WhiteElo "2069"]
[BlackElo "2061"]
[WhiteTeam "Trinidad & Tobago"]
[BlackTeam "Nepal"]
[WhiteFideId "7700768"]
[BlackFideId "12300403"]
[EventDate "2014.08.02"]

1. e4 c6 2. d4 d5 3. Nc3 dxe4 4. Nxe4 Bf5 5. Ng3 Bg6 6. h4 h6 7. Nf3 Nd7 8. h5
Bh7 9. Bd3 Bxd3 10. Qxd3 e6 11. Bf4 Qa5+ 12. Bd2 Bb4 13. a3 Bxd2+ 14. Nxd2 Ngf6
15. O-O-O O-O 16. Kb1 b5 17. Nge4 b4 18. Nc4 Qa4 19. b3 Qb5 20. a4 Qd5 21. f3 c5
22. Qe3 cxd4 23. Rxd4 Qc6 24. Rd6 Qc7 25. Rhd1 Nd5 26. Qe1 Rac8 27. a5 Ne5 28.
Rd4 Nxc4 29. bxc4 f5 30. Rxe6 fxe4 31. Rxd5 Qxc4 32. Qxe4 Qf1+ 33. Kb2 b3 34.
Rd2 bxc2 35. Rxc2 Rb8+ 36. Kc3 Rfd8 37. Rc6 Qa1+ 38. Kc4 Qa4+ 0-1

[Event "Olimpiade 2014 - Open"]
[Site "Tromsø"]
[Date "06.08.2014"]
[Round "5.45"]
[Board "4"]
[White "Shrestha, Keshav"]
[Black "Merritt, Mario"]
[Result "1-0"]
[WhiteTitle "CM"]
[BlackTitle "FM"]
[WhiteElo "2137"]
[BlackElo "2078"]
[WhiteTeam "Nepal"]
[BlackTeam "Trinidad & Tobago"]
[WhiteFideId "12300055"]
[BlackFideId "7700148"]
[EventDate "2014.08.02"]

1. e4 c5 2. Nf3 g6 3. d4 cxd4 4. Nxd4 Nc6 5. Nc3 Bg7 6. Be3 Nf6 7. Bc4 Qa5 8.
O-O O-O 9. Bb3 d6 10. h3 Bd7 11. Re1 Rfe8 12. f4 Rad8 13. Qd2 Nxd4 14. Bxd4 Bc6
15. Qe3 Nd7 16. Bxg7 Kxg7 17. Kh1 Qc5 18. Qf3 b5 19. a3 a5 20. Qd3 Nb6 21. Nd5
a4 22. Ba2 Bxd5 23. exd5 b4 24. axb4 Qxb4 25. c3 Qc5 26. Re4 Rb8 27. f5 Nd7 28.
fxg6 hxg6 29. Qd2 Qb6 30. Rb4 Qa7 31. Rh4 Rh8 32. Rf4 Rh5 33. Raf1 Nf6 34. Qc2
Qc5 35. Rxa4 Nxd5 36. Bxd5 Qxd5 37. Kg1 Qc5+ 38. Kh2 Qe5+ 39. Kh1 Qd5 40. Rf3
Re5 41. Raf4 Re1+ 42. Rf1 Qe6 43. Rxf7+ Qxf7 44. Rxe1 Rf8 45. Qe2 e5 46. Rd1 Qf2
47. Qxf2 Rxf2 48. b4 Rc2 49. Rxd6 Rxc3 50. b5 Rb3 51. b6 Kh6 52. Kg1 Rb2 53. Re6
Kg7 54. Kh2 Rb3 55. h4 Kf7 56. Rc6 e4 57. g4 e3 58. Kg3 Rb4 59. Rc7+ Kf6 60. b7
Rb3 61. Kf3 Ke6 62. h5 1-0

[Event "Olimpiade 2014 - Open"]
[Site "Tromsø"]
[Date "06.08.2014"]
[Round "5.46"]
[Board "1"]
[White "Efimov, Igor"]
[Black "Zambrana, Oswaldo"]
[Result "1-0"]
[WhiteTitle "GM"]
[BlackTitle "GM"]
[WhiteElo "2408"]
[BlackElo "2472"]
[WhiteTeam "Monaco"]
[BlackTeam "Bolivia"]
[WhiteFideId "806404"]
[BlackFideId "3300200"]
[EventDate "2014.08.02"]

1. d4 Nf6 2. c4 e6 3. Nf3 c5 4. Nc3 cxd4 5. Nxd4 a6 6. a3 Qc7 7. e4 b6 8. Be3
Bb7 9. f3 Be7 10. Be2 d6 11. O-O Nbd7 12. Qd2 Rc8 13. Rfc1 O-O 14. Bf1 Qb8 15.
b4 Rfe8 16. Rab1 Bd8 17. Kh1 Bc7 18. Na4 Qa8 19. Rc2 Ne5 20. Rbc1 Ned7 21. Qf2
Qb8 22. Qd2 h6 23. Rb2 Ne5 24. b5 a5 25. Nc6 Nxc6 26. bxc6 Bxc6 27. Nxb6 Rcd8
28. Nd5 Qc8 29. Nxc7 Qxc7 30. Bb6 Qe7 31. Bxd8 Rxd8 32. Qxa5 Ra8 33. Qb6 Be8 34.
Rd2 d5 35. Qb4 Qc7 36. exd5 Nxd5 37. Qb2 Nf4 38. c5 Bc6 39. Qb6 Qc8 40. Rd6 Bd5
41. c6 1-0

[Event "Olimpiade 2014 - Open"]
[Site "Tromsø"]
[Date "06.08.2014"]
[Round "5.46"]
[Board "2"]
[White "Gemy, Jose Daniel"]
[Black "Villegas, Pierre"]
[Result "1-0"]
[WhiteTitle "IM"]
[BlackTitle "FM"]
[WhiteElo "2332"]
[BlackElo "2323"]
[WhiteTeam "Bolivia"]
[BlackTeam "Monaco"]
[WhiteFideId "3301478"]
[BlackFideId "654183"]
[EventDate "2014.08.02"]

1. d4 Nf6 2. Nf3 g6 3. Bf4 Bg7 4. e3 O-O 5. Nbd2 d6 6. h3 Nbd7 7. Bc4 Qe8 8. e4
e5 9. dxe5 Nxe5 10. Nxe5 dxe5 11. Be3 Qe7 12. g4 Nd7 13. h4 Nc5 14. Qf3 Be6 15.
b4 Nd7 16. Bxe6 Qxe6 17. h5 f5 18. gxf5 gxf5 19. h6 f4 20. hxg7 Rf7 21. Bc5 Rxg7
22. Qb3 Qxb3 23. axb3 b6 24. Bxb6 cxb6 25. Ke2 Rc8 26. c4 Nf6 27. Rh6 Rf8 28.
Rh3 Rd8 29. Rd3 Rxd3 30. Kxd3 Rd7+ 31. Ke2 Kf7 32. c5 bxc5 33. bxc5 Rb7 34. Kd3
h5 35. c6 Rc7 36. Nc4 Ke6 37. Ra5 Rxc6 38. Rxe5+ Kf7 39. Rf5 Ke7 40. Rxf4 Rc8
41. Rh4 Rd8+ 42. Kc3 Ke6 43. e5 Nd5+ 44. Kd4 Ne7+ 45. Ke4 Nf5 46. Rxh5 Rd4+ 47.
Kf3 Rd3+ 48. Kf4 Rd4+ 49. Kg5 Rd3 50. Kg4 Rd4+ 51. f4 Rd1 52. Rg5 Rg1+ 53. Kf3
Rxg5 54. fxg5 Nd4+ 55. Ke3 Nxb3 56. g6 Ke7 57. Nd6 Kf8 58. e6 Na5 1-0

[Event "Olimpiade 2014 - Open"]
[Site "Tromsø"]
[Date "06.08.2014"]
[Round "5.46"]
[Board "3"]
[White "Nelis, Jean-Francois"]
[Black "Cueto, Jonny"]
[Result "1/2-1/2"]
[BlackTitle "IM"]
[WhiteElo "2224"]
[BlackElo "2283"]
[WhiteTeam "Monaco"]
[BlackTeam "Bolivia"]
[WhiteFideId "623830"]
[BlackFideId "3300145"]
[EventDate "2014.08.02"]

1. e4 c5 2. Nf3 d6 3. Bb5+ Bd7 4. Bxd7+ Qxd7 5. O-O Nc6 6. Qe2 Nf6 7. Rd1 e6 8.
d4 cxd4 9. Nxd4 Be7 10. c4 O-O 11. Nc3 Rfd8 12. b3 a6 13. Ba3 Qc7 14. Nxc6 bxc6
15. Rac1 Qa5 16. Na4 Qe5 17. f3 Kf8 18. Bb2 Qg5 19. Bd4 Nh5 20. Be3 Qg6 21. Nc3
Bg5 22. Qd2 Bxe3+ 23. Qxe3 e5 24. Rc2 Nf4 25. Rcd2 h5 26. Kh1 h4 27. h3 Qg3 28.
Rg1 f6 29. Ne2 Nxe2 30. Qxe2 c5 31. Rgd1 Ke7 32. Rd5 Rac8 33. Qd2 Rc6 34. b4
cxb4 35. c5 Kf7 36. Qxb4 Kg6 37. Rxd6 Rdxd6 38. cxd6 Rc2 39. Rg1 Qf2 40. d7 Rd2
41. Qa5 Qd4 42. Qxa6 Qxd7 43. a3 Kg5 44. Qb6 Kf4 45. Qb1 Re2 46. Kh2 Qd2 47. a4
Rf2 48. Qb3 Kg5 49. Qa3 Re2 50. Kh1 Re1 51. Qc5 g6 52. a5 Rxg1+ 53. Kxg1 Qe1+
54. Kh2 Qg3+ 55. Kg1 Qe1+ 1/2-1/2

[Event "Olimpiade 2014 - Open"]
[Site "Tromsø"]
[Date "06.08.2014"]
[Round "5.46"]
[Board "4"]
[White "Monroy G., Javier A."]
[Black "Ribbegren, Karl Johan"]
[Result "0-1"]
[WhiteElo "2150"]
[BlackElo "2211"]
[WhiteTeam "Bolivia"]
[BlackTeam "Monaco"]
[WhiteFideId "3302067"]
[BlackFideId "5400040"]
[EventDate "2014.08.02"]

1. Nf3 c5 2. c4 Nc6 3. Nc3 g6 4. g3 Bg7 5. Bg2 a6 6. O-O Rb8 7. e3 Nf6 8. d4 O-O
9. b3 d6 10. Bb2 b5 11. Qe2 bxc4 12. bxc4 cxd4 13. exd4 Bg4 14. Na4 Qa5 15. Qd1
Rb4 16. Bc3 Qxa4 17. Bxb4 Qxb4 18. Qd3 e5 19. Nxe5 Nxe5 20. dxe5 dxe5 21. Qb3
Qc5 22. Qa4 Be2 23. Rfe1 Qxc4 24. Qxc4 Bxc4 25. Rac1 Bxa2 26. Rxe5 Be6 27. Ra5
Ng4 28. h3 Ne5 29. Rxa6 Rb8 30. Rd1 Bf8 31. g4 Kg7 32. Ra8 Rb2 33. Rdd8 Bc5 34.
g5 Bxf2+ 35. Kh1 Rb1+ 36. Kh2 Bg1+ 37. Kg3 Rb3+ 38. Bf3 f6 39. gxf6+ Kxf6 40.
Rf8+ Bf7 41. Kg2 Nxf3 42. Rab8 Rxb8 43. Rxb8 Bd5 44. Rd8 Ke6 45. Re8+ Kd7 46.
Rh8 h5 47. Rf8 Bc5 48. Rh8 Ng5+ 49. Kg3 Bd6+ 50. Kf2 Be5 51. Rh6 Nxh3+ 52. Kf1
Bf7 0-1

[Event "Olimpiade 2014 - Open"]
[Site "Tromsø"]
[Date "06.08.2014"]
[Round "5.47"]
[Board "1"]
[White "Ali, Sebbar"]
[Black "Dias, Paulo"]
[Result "1-0"]
[WhiteTitle "IM"]
[BlackTitle "IM"]
[WhiteElo "2387"]
[BlackElo "2416"]
[WhiteTeam "Morocco"]
[BlackTeam "Portugal"]
[WhiteFideId "8100977"]
[BlackFideId "1900803"]
[EventDate "2014.08.02"]

1. d4 Nf6 2. c4 e6 3. Nf3 b6 4. g3 Ba6 5. Qa4 c6 6. Bg2 b5 7. cxb5 cxb5 8. Qd1
d5 9. O-O Be7 10. Bf4 O-O 11. Nbd2 Nbd7 12. a3 b4 13. axb4 Qb6 14. Re1 Bxb4 15.
Qa4 Bb7 16. Bc7 Qxc7 17. Qxb4 a5 18. Qa3 Qb6 19. e3 Qb4 20. Bf1 Ne4 21. Qxb4
axb4 22. Nb3 Nb6 23. Ne5 Rfb8 24. Rec1 Nd6 25. Nc5 f6 26. Ned3 Bc8 27. b3 Rxa1
28. Rxa1 Nbc4 29. bxc4 dxc4 30. Nb2 c3 31. Nc4 b3 32. Nxb3 Rxb3 33. Nxd6 c2 34.
Rc1 1-0

[Event "Olimpiade 2014 - Open"]
[Site "Tromsø"]
[Date "06.08.2014"]
[Round "5.47"]
[Board "2"]
[White "Ferreira, Jorge Viterbo"]
[Black "Onkoud, Abdelaziz"]
[Result "1/2-1/2"]
[WhiteTitle "IM"]
[BlackTitle "IM"]
[WhiteElo "2413"]
[BlackElo "2383"]
[WhiteTeam "Portugal"]
[BlackTeam "Morocco"]
[WhiteFideId "1910850"]
[BlackFideId "9000283"]
[EventDate "2014.08.02"]

1. e4 d5 2. exd5 Qxd5 3. Nc3 Qd6 4. d4 Nf6 5. Nb5 Qb6 6. c4 c6 7. Nc3 e5 8. dxe5
Ng4 9. Qe2 Bc5 10. Ne4 O-O 11. Nxc5 Qxc5 12. Nf3 Nd7 13. h3 Ngxe5 14. Nxe5 Nxe5
15. Be3 Qe7 16. Bd4 Re8 17. O-O-O Bf5 18. Qxe5 Qxe5 19. Bxe5 Rxe5 20. Bd3 Bxd3
21. Rxd3 Re2 22. Rd2 Rae8 23. Rhd1 g5 24. Rxe2 Rxe2 25. Rd2 Re1+ 26. Rd1 Re4 27.
b3 Kg7 28. Rd7 Re2 29. Rd2 Re1+ 30. Rd1 Re7 31. Rd6 Re1+ 32. Rd1 Rxd1+ 33. Kxd1
Kf6 34. Ke2 Ke5 35. Ke3 h5 1/2-1/2

[Event "Olimpiade 2014 - Open"]
[Site "Tromsø"]
[Date "06.08.2014"]
[Round "5.47"]
[Board "3"]
[White "Hifad, Rachid"]
[Black "Rocha, Sergio"]
[Result "1/2-1/2"]
[WhiteTitle "IM"]
[BlackTitle "IM"]
[WhiteElo "2311"]
[BlackElo "2392"]
[WhiteTeam "Morocco"]
[BlackTeam "Portugal"]
[WhiteFideId "9000623"]
[BlackFideId "1900404"]
[EventDate "2014.08.02"]

1. d4 d6 2. c4 e5 3. dxe5 dxe5 4. Qxd8+ Kxd8 5. Nc3 Be6 6. b3 c6 7. Bb2 f6 8.
O-O-O+ Nd7 9. g3 Nh6 10. Bh3 Bxh3 11. Nxh3 Kc7 12. Ng1 a5 13. e3 Nc5 14. Kc2 Ng4
15. Rd2 Rd8 16. Nh3 Be7 17. Re2 Rd3 18. Ba3 Rd7 19. f3 Nh6 20. g4 Nf7 21. Rg1 h6
22. Nf2 Rhd8 23. h4 Ne6 24. Bxe7 Rxe7 25. Nfe4 Red7 26. Rgg2 Nd6 27. Rd2 Nxe4
28. Nxe4 b6 29. Rxd7+ Rxd7 30. Rd2 Rxd2+ 31. Kxd2 Kd7 32. h5 Ke7 33. Ke2 Kd7 34.
Kd3 Ke7 35. Kd2 Kd7 36. a3 Kc7 37. Kc3 b5 38. cxb5 cxb5 39. b4 Kb6 40. Kd3 axb4
41. axb4 Kc6 42. Nc3 Kb6 43. Nd5+ Kc6 44. Ne7+ Kd6 45. Nf5+ Kd5 46. Kc3 Kc6 47.
Kd2 Kd5 48. Kd3 Kc6 49. Kc3 Kd5 50. e4+ Kc6 51. Kd3 Kd7 52. Ke3 Kc7 53. Ne7 Kd7
54. Nd5 Kd6 55. Nc3 Kc6 56. Ne2 Kd6 57. f4 exf4+ 58. Nxf4 Nxf4 59. Kxf4 Ke6 60.
Kf3 Kd7 1/2-1/2

[Event "Olimpiade 2014 - Open"]
[Site "Tromsø"]
[Date "06.08.2014"]
[Round "5.47"]
[Board "4"]
[White "Rego, Pedro Filipe"]
[Black "Choukri, Adel"]
[Result "1-0"]
[WhiteElo "2273"]
[BlackElo "2177"]
[WhiteTeam "Portugal"]
[BlackTeam "Morocco"]
[WhiteFideId "1904310"]
[BlackFideId "9000399"]
[EventDate "2014.08.02"]

1. Nf3 d5 2. d4 c6 3. c4 Nf6 4. e3 e6 5. b3 Nbd7 6. Bd3 dxc4 7. bxc4 e5 8. dxe5
Nxe5 9. Nxe5 Qa5+ 10. Bd2 Qxe5 11. Bc3 Bb4 12. Bxb4 Qxa1 13. O-O Qe5 14. Bc2 Bd7
15. Bd6 Qa5 16. Nd2 O-O-O 17. Nb3 Qc3 18. Nc5 Bg4 19. Qxg4+ Nxg4 20. Bf5+ Rd7
21. Bxd7+ Kd8 22. Bxg4 b6 23. Rd1 Qc2 24. Nb7+ Ke8 25. c5 f5 26. Bf3 Kf7 27.
cxb6 axb6 28. Be5 Ra8 29. Nd8+ Kf8 30. Nxc6 Rxa2 31. Rd8+ Kf7 32. Bd5+ Kg6 33.
Rd6+ Kg5 34. Bf4+ Kg4 35. Ne5+ Kh5 36. Bf3+ Kh4 37. g3+ Kh3 38. Bg2# 1-0

[Event "Olimpiade 2014 - Open"]
[Site "Tromsø"]
[Date "06.08.2014"]
[Round "5.48"]
[Board "1"]
[White "Chumfwa, Stanley"]
[Black "Tologontegin, Semetey"]
[Result "0-1"]
[WhiteTitle "IM"]
[BlackTitle "FM"]
[WhiteElo "2317"]
[BlackElo "2354"]
[WhiteTeam "Zambia"]
[BlackTeam "Kyrgyzstan"]
[WhiteFideId "8700117"]
[BlackFideId "13800574"]
[EventDate "2014.08.02"]

1. e4 c5 2. Nf3 e6 3. d4 cxd4 4. Nxd4 a6 5. Nc3 Qc7 6. g3 Bb4 7. Ne2 Be7 8. Bg2
Nf6 9. O-O O-O 10. h3 Nc6 11. g4 Rd8 12. Nf4 b5 13. g5 Ne8 14. Nh5 Bb7 15. f4 d5
16. e5 Nb4 17. a3 d4 18. Ne4 Nxc2 19. Nhf6+ Bxf6 20. gxf6 Nxa1 21. fxg7 Qc2 22.
Qe1 Nb3 23. f5 exf5 24. e6 f6 25. Qb4 Nc5 26. Nxf6+ Nxf6 27. Bxb7 Ra7 28. e7 Re8
29. Qxd4 Rxb7 30. Qxf6 Rbxe7 31. Bh6 Nd7 32. Qxa6 Re6 0-1

[Event "Olimpiade 2014 - Open"]
[Site "Tromsø"]
[Date "06.08.2014"]
[Round "5.48"]
[Board "2"]
[White "Abdyjapar, Asyl"]
[Black "Jere, Daniel"]
[Result "1/2-1/2"]
[WhiteTitle "IM"]
[BlackTitle "IM"]
[WhiteElo "2368"]
[BlackElo "2405"]
[WhiteTeam "Kyrgyzstan"]
[BlackTeam "Zambia"]
[WhiteFideId "13800337"]
[BlackFideId "8700249"]
[EventDate "2014.08.02"]

1. d4 Nf6 2. c4 g6 3. Nc3 Bg7 4. e4 d6 5. Nf3 O-O 6. Be2 e5 7. O-O Nc6 8. d5 Ne7
9. b4 Nh5 10. Re1 h6 11. c5 f5 12. cxd6 cxd6 13. Nd2 Nf6 14. a4 fxe4 15. Ndxe4
Nf5 16. Nxf6+ Qxf6 17. Ne4 Qh4 18. Bd3 Nd4 19. f3 Bh3 20. Rf1 Bd7 21. Be3 Qe7
22. Re1 Rac8 23. Rc1 Rxc1 24. Qxc1 Rc8 25. Qd2 Nf5 26. a5 a6 27. Rc1 Rxc1+ 28.
Qxc1 Bb5 29. Bxb5 axb5 30. Qc8+ Qf8 31. Qe6+ Qf7 32. Qc8+ Kh7 33. Qe6 Qxe6 34.
dxe6 Bf8 35. Bb6 Ng7 36. Bc7 Nxe6 37. Bxd6 Kg8 38. Bxf8 Kxf8 39. Nc5 Ke7 40.
Nxb7 Kd7 41. Kf2 Kc6 42. a6 Kb6 43. Ke3 Kxa6 44. Nd6 Nd8 45. Ke4 Nc6 46. h4 Nxb4
47. Kxe5 Nd3+ 48. Ke4 Nc5+ 49. Kd4 Nd7 50. g4 b4 51. f4 Ka5 52. Nc4+ Kb5 53. Nd2
Kc6 54. Kc4 Nf6 55. g5 hxg5 56. fxg5 Nd5 57. Ne4 Ne3+ 58. Kxb4 Nf5 1/2-1/2

[Event "Olimpiade 2014 - Open"]
[Site "Tromsø"]
[Date "06.08.2014"]
[Round "5.48"]
[Board "3"]
[White "Phiri, Richmond"]
[Black "Takyrbashev, B."]
[Result "1-0"]
[WhiteTitle "FM"]
[WhiteElo "2121"]
[BlackElo "2229"]
[WhiteTeam "Zambia"]
[BlackTeam "Kyrgyzstan"]
[WhiteFideId "8700443"]
[BlackFideId "13800272"]
[EventDate "2014.08.02"]

1. d4 Nf6 2. c4 g6 3. Nc3 Bg7 4. e4 O-O 5. Nf3 d6 6. Be2 e5 7. d5 a5 8. Bg5 h6
9. Bh4 g5 10. Bg3 Nh5 11. h4 Nf4 12. Bf1 Bg4 13. hxg5 hxg5 14. Qd2 Na6 15. Nh2
Bd7 16. f3 Nc5 17. Bf2 Ng6 18. Be3 Bf6 19. Ng4 Bxg4 20. fxg4 Kg7 21. g3 Rh8 22.
Rh5 Rxh5 23. gxh5 Nf8 24. Bh3 Be7 25. O-O-O Kh6 26. Rf1 f6 27. Bxc5 dxc5 28. Nd1
Kg7 29. Ne3 Nh7 30. Be6 Kh8 31. Bf5 Nf8 32. h6 a4 33. Qe2 Qe8 34. h7 Rb8 35. Rh1
b5 36. Qh5 bxc4 37. Qxe8 Rxe8 38. Ng4 Bd8 39. Rh6 Re7 40. Rxf6 Nxh7 41. Rh6 Kg8
42. Rxh7 Rxh7 43. Bxh7+ Kxh7 44. Nxe5 c3 45. bxc3 Bf6 46. Nc4 Bxc3 47. g4 Kg6
48. Kc2 Bd4 49. e5 Kf7 50. Kd3 Kg6 51. Ke4 Bc3 52. d6 cxd6 53. exd6 Kf7 54. Kd5
Ke8 55. Kxc5 Kd7 56. Kd5 1-0

[Event "Olimpiade 2014 - Open"]
[Site "Tromsø"]
[Date "06.08.2014"]
[Round "5.48"]
[Board "4"]
[White "Mamatov, Melis"]
[Black "Chumfwa, Kelvin"]
[Result "0-1"]
[BlackTitle "FM"]
[WhiteElo "2106"]
[BlackElo "2193"]
[WhiteTeam "Kyrgyzstan"]
[BlackTeam "Zambia"]
[WhiteFideId "13800027"]
[BlackFideId "8700435"]
[EventDate "2014.08.02"]

1. e3 d5 2. f4 f5 3. b3 Nf6 4. Bb2 e6 5. Nf3 Be7 6. Ne5 O-O 7. d3 c5 8. Nd2 Nc6
9. Nxc6 bxc6 10. Qe2 a5 11. a4 Rb8 12. g3 Ng4 13. h3 Nh6 14. Bg2 Bf6 15. Bxf6
Qxf6 16. O-O e5 17. e4 exf4 18. e5 f3 19. Nxf3 Qe7 20. Qd2 Rb4 21. Rae1 Nf7 22.
Qd1 Be6 23. Kh2 f4 24. gxf4 Rxf4 25. Qd2 Ng5 26. Ng1 Rb4 27. Rxf8+ Kxf8 28. Rf1+
Nf7 29. Nf3 Kg8 30. Qe3 Nh6 31. Qg5 Nf5 32. Qxe7 Nxe7 33. Nd2 Bf5 34. Rc1 Kf7
35. c3 Rb8 36. d4 cxd4 37. cxd4 Rb4 38. Nf3 h6 39. Rc5 Rxb3 40. Rxa5 Bd3 41. Rc5
Ra3 42. Ne1 Bc4 43. a5 Bb5 44. Nc2 Rxa5 45. Nb4 Ra4 46. Nxd5 cxd5 47. Rxb5 Rxd4
48. Rb6 Rd2 49. Rd6 Nf5 50. e6+ Ke7 51. Ra6 Ne3 52. Ra7+ Kxe6 53. Rxg7 Rxg2+ 54.
Rxg2 Nxg2 55. Kxg2 Ke5 56. Kf3 h5 57. Ke3 h4 58. Kf3 Kd4 59. Ke2 Ke4 60. Kf2 Kf4 0-1

[Event "Olimpiade 2014 - Open"]
[Site "Tromsø"]
[Date "06.08.2014"]
[Round "5.50"]
[Board "1"]
[White "Nanjo, Ryosuke"]
[Black "Juarez Flores, Carlos A."]
[Result "1/2-1/2"]
[WhiteTitle "CM"]
[BlackTitle "IM"]
[WhiteElo "2344"]
[BlackElo "2425"]
[WhiteTeam "Japan"]
[BlackTeam "Guatemala"]
[WhiteFideId "7000634"]
[BlackFideId "7300018"]
[EventDate "2014.08.02"]

1. e4 c6 2. d4 d5 3. e5 Bf5 4. Nf3 e6 5. Be2 h6 6. O-O Nd7 7. Nbd2 Ne7 8. a4 Bh7
9. Nb3 Ng6 10. Be3 Be7 11. Ne1 c5 12. c3 c4 13. Nd2 Nh4 14. b3 cxb3 15. Qxb3 Rb8
16. f4 O-O 17. Bf2 Qa5 18. g3 Ng6 19. Ng2 Rfc8 20. Rfc1 Ngf8 21. Qb2 Qd8 22. Ne3
Rc6 23. c4 dxc4 24. Ndxc4 Nb6 25. Bf3 Nxc4 26. Rxc4 Rxc4 27. Nxc4 Rc8 28. Ne3 b6
29. Rd1 Qe8 30. Qb3 Bg6 31. Be2 Qc6 32. d5 exd5 33. f5 Bh7 34. Bb5 Qb7 35. Nxd5
Bc5 36. Qf3 Kh8 37. g4 Bxf2+ 38. Qxf2 Rd8 39. Nc3 Rxd1+ 40. Nxd1 Qe4 41. Qe2
Qxe2 42. Bxe2 Nd7 43. e6 fxe6 44. fxe6 Nf6 45. Nc3 Kg8 46. Nb5 Bc2 47. Nxa7 Bxa4
48. h3 Kf8 49. e7+ 1/2-1/2

[Event "Olimpiade 2014 - Open"]
[Site "Tromsø"]
[Date "06.08.2014"]
[Round "5.50"]
[Board "2"]
[White "Cu Hor, Winston Darwin"]
[Black "Kojima, Shinya"]
[Result "1/2-1/2"]
[WhiteTitle "FM"]
[BlackTitle "FM"]
[WhiteElo "2259"]
[BlackElo "2373"]
[WhiteTeam "Guatemala"]
[BlackTeam "Japan"]
[WhiteFideId "7300662"]
[BlackFideId "7000812"]
[EventDate "2014.08.02"]

1. d4 d5 2. c4 c6 3. Nf3 Nf6 4. Nc3 dxc4 5. e3 b5 6. a4 b4 7. Na2 e6 8. Bxc4
Nbd7 9. O-O Bb7 10. Bd2 a5 11. Nc1 Be7 12. Nb3 O-O 13. Qe2 c5 14. Rfd1 Qb6 15.
Be1 Rfd8 16. Bb5 Bd5 17. Nbd2 cxd4 18. Nxd4 Bc5 19. Nc4 Bxc4 20. Bxc4 Bxd4 21.
Rxd4 Ne5 22. Rad1 Nxc4 23. Qxc4 h6 24. f3 Rxd4 25. Qxd4 Qxd4 26. Rxd4 Rc8 27. e4
Kf8 28. Rd2 Rc1 29. Kf1 Ke8 30. Ke2 Ra1 31. Rd1 Rxd1 1/2-1/2